<?xml version="1.0" encoding="UTF-8"?>
<record
    xmlns:xsi="http://www.w3.org/2001/XMLSchema-instance"
    xsi:schemaLocation="http://www.loc.gov/MARC21/slim http://www.loc.gov/standards/marcxml/schema/MARC21slim.xsd"
    xmlns="http://www.loc.gov/MARC21/slim">

  <leader>01059nam a22002657a 4500</leader>
  <controlfield tag="005">20170123164143.0</controlfield>
  <datafield tag="010" ind1=" " ind2=" ">
    <subfield code="a">B-201167</subfield>
  </datafield>
  <datafield tag="020" ind1=" " ind2=" ">
    <subfield code="a">8123747071</subfield>
    <subfield code="c">35.00</subfield>
  </datafield>
  <datafield tag="035" ind1=" " ind2=" ">
    <subfield code="a">B-201167</subfield>
  </datafield>
  <datafield tag="037" ind1=" " ind2=" ">
    <subfield code="a">Cen Lib / Ret</subfield>
  </datafield>
  <datafield tag="040" ind1=" " ind2=" ">
    <subfield code="a">DPL</subfield>
    <subfield code="b">PN</subfield>
  </datafield>
  <datafield tag="082" ind1=" " ind2=" ">
    <subfield code="a">851</subfield>
    <subfield code="b">&#xA28;&#xA30;&#xA47;&#xA38;&#xA3C; </subfield>
  </datafield>
  <datafield tag="100" ind1=" " ind2=" ">
    <subfield code="a">&#xA28;&#xA30;&#xA47;&#xA38;&#xA3C; </subfield>
    <subfield code="9">41420</subfield>
  </datafield>
  <datafield tag="245" ind1=" " ind2=" ">
    <subfield code="a">&#xA35;&#xA3F;&#xA38;&#xA4D;&#xA30;&#xA40;&#xA0F; &#xA35;&#xA3F;&#xA30;&#xA38;&#xA3E;  /</subfield>
    <subfield code="c">&#xA28;&#xA30;&#xA47;&#xA38;&#xA3C; </subfield>
  </datafield>
  <datafield tag="246" ind1=" " ind2=" ">
    <subfield code="a">Visriaye virsa : Original punjabi /</subfield>
    <subfield code="b">by Naresh</subfield>
  </datafield>
  <datafield tag="260" ind1=" " ind2=" ">
    <subfield code="a">&#xA28;&#xA35;&#xA40;  &#xA26;&#xA3F;&#xA71;&#xA32;&#xA40;</subfield>
    <subfield code="b">&#xA28;&#xA48;&#xA38;&#xA3C;&#xA28;&#xA32;&#xA3C; &#xA2C;&#xA42;&#xA15; &#xA1F;&#xA30;&#xA71;&#xA38;&#xA1F; &#xA07;&#xA70;&#xA21;&#xA40;&#xA06;</subfield>
    <subfield code="c">2006</subfield>
  </datafield>
  <datafield tag="270" ind1=" " ind2=" ">
    <subfield code="a">  &#xA0F;-5, &#xA17;&#xA4D;&#xA30;&#xA40;&#xA28; &#xA2A;&#xA3E;&#xA30;&#xA15;, </subfield>
    <subfield code="b">&#xA28;&#xA35;&#xA40;  &#xA26;&#xA3F;&#xA71;&#xA32;&#xA40;</subfield>
    <subfield code="e">110016</subfield>
  </datafield>
  <datafield tag="300" ind1=" " ind2=" ">
    <subfield code="a">73p.</subfield>
    <subfield code="c">23cm(Hb)</subfield>
  </datafield>
  <datafield tag="490" ind1=" " ind2=" ">
    <subfield code="a">&#xA15;&#xA32;&#xA3E;&#xA38;&#xA15;&#xA40; &#xA38;&#xA3E;&#xA39;&#xA3F;&#xA24; &#xA2A;&#xA41;&#xA38;&#xA24;&#xA3E;&#xA15;&#xA2E;&#xA3E;&#xA32;&#xA3E; </subfield>
  </datafield>
  <datafield tag="650" ind1=" " ind2=" ">
    <subfield code="a">&#xA2A;&#xA70;&#xA1C;&#xA3E;&#xA2C;&#xA40; &#xA15;&#xA3E;&#xA32;&#xA2A;&#xA28;&#xA3F;&#xA15; &#xA15;&#xA35;&#xA3F;&#xA24;&#xA3E;</subfield>
    <subfield code="9">119211</subfield>
  </datafield>
  <datafield tag="650" ind1=" " ind2=" ">
    <subfield code="a">&#xA38;&#xA3E;&#xA39;&#xA3F;&#xA24; -- &#xA2A;&#xA70;&#xA1C;&#xA3E;&#xA2C;&#xA40; </subfield>
    <subfield code="9">119212</subfield>
  </datafield>
  <datafield tag="650" ind1=" " ind2=" ">
    <subfield code="a">Punjabi fictional poetry</subfield>
    <subfield code="9">7386</subfield>
  </datafield>
  <datafield tag="650" ind1=" " ind2=" ">
    <subfield code="a">Punjabi Literature</subfield>
    <subfield code="9">781</subfield>
  </datafield>
  <datafield tag="942" ind1=" " ind2=" ">
    <subfield code="2">ddc</subfield>
    <subfield code="c">PN</subfield>
    <subfield code="h">851</subfield>
    <subfield code="m">&#xA28;&#xA30;&#xA47;&#xA38;&#xA3C; </subfield>
  </datafield>
  <datafield tag="999" ind1=" " ind2=" ">
    <subfield code="c">109810</subfield>
    <subfield code="d">109810</subfield>
  </datafield>
  <datafield tag="952" ind1=" " ind2=" ">
    <subfield code="0">0</subfield>
    <subfield code="1">0</subfield>
    <subfield code="4">0</subfield>
    <subfield code="7">0</subfield>
    <subfield code="a">L</subfield>
    <subfield code="b">L</subfield>
    <subfield code="d">2016-01-07</subfield>
    <subfield code="e">Cen Lib/Ret</subfield>
    <subfield code="g">35.00</subfield>
    <subfield code="l">0</subfield>
    <subfield code="o">851 &#xA28;&#xA30;&#xA47;&#xA38;&#xA3C;</subfield>
    <subfield code="p">B-201167</subfield>
    <subfield code="r">2016-01-07 00:00:00</subfield>
    <subfield code="t">1</subfield>
    <subfield code="v">35.00</subfield>
    <subfield code="w">2016-01-07</subfield>
    <subfield code="y">PN</subfield>
  </datafield>
</record>
